000
00326nam a2200145 4500
008
190521s1973||||xo d
245
1
0
_a
MINERALÓGIA PETROGRAFIA A GEOLÓGIA
250
_a
1.vydanie
260
_b
SPN
_a
Bratislava
_c
1973
300
_a
412s.
020
_c
0
041
1
_a
slo
044
_a
xo
_c
SK
958
_a
A
999
_c
22394
_d
22394